000 00468nam a22001811a 4500
001 18353
003 OSt
005 20260204212401.0
008 170902s1996||||-us||||||b||||||||||eng||
020 _a0673401642
082 _a420 SCO431d
110 _aScottforesman Science
245 _aDiscover the Wonder:Modelo A, Earth and Other Planets/Scottforesman Science
264 _aIllinois:Scott, Foresman
300 _a44 p
650 _aInglésÌ
942 _2ddc
_cBK
999 _c18353
_d18353